000 01242nam a2200349 a 4500
001 000108850
003 CHAP
005 20220329144026.0
008 140317s2013 mx sm |||||||spa d
010 _a105312
011 _a106284
040 _cCHAP
090 _aTesis
100 1 _aJuárez Montaño, Janury Esmeralda
_9125901
245 1 0 _aPrincipales tendencias y comportamiento del consumo de carne en México, observandas en el año 2011
_h[En línea]
_cpor Yanury Esmeralda Juárez Montaño.
260 _aChapingo, Méx. :
_bEl autor,
_c2013.
500 _aPara ver el contenido del material haga clic en la liga
502 _aTesis (Ing. Agr. Esp. en Zootecnia) -- UACH. Zootecnia
590 _aBATCH-UPD
_b05
_c20140324
_lUCH01
_h1536
590 _aBATCH-UPD
_b05
_c20141002
_lUCH01
_h0858
590 _aE5765TAJ
_b05
_c20140317
_lUCH01
_h0837
590 _aE5765TAJ
_b05
_c20140317
_lUCH01
_h0838
650 1 4 _aCarne de aves.
_919114
650 1 4 _aCarne de cerdo.
_919136
650 1 4 _aCarne de res.
_919190
650 1 4 _aCarne
_xCalidad.
_919064
650 1 4 _aCarne
_xConsumo
_xMéxico.
_919068
856 _aFinding aid
_uhttp://10.13.5.2/tesis/sist108850.pdf
_zTeclea aquí
901 _aBK
942 _cTESIS
942 _n0
999 _c105312
_d105312